00909nas a2200229Ia 4500001001100000003000900011008004100020040001300061040001300074041001300087100004800100210002700148222002700175245014500202250001100347260003600358501008600394300001700480362004200497500010400539650003600643R065/E9665IT-RoPAU151124c99999999xx |||||||||||| ||und|| aIT-RoPAU cIT-RoPAU aITALIANO aArgentieri SimonagCodice Aut. SPICS: 17648 aRAGAZZO SELVAGGIO (IL) aRagazzo Selvaggio (Il) aRAGAZZO SELVAGGIO (IL), NUOVA SERIE, ANNO 13-N.4/5 (LUGLIO/OTTOBRE 1997)bCamera Verde (La) E L'Uomo Che Amava Le Donne di Francois Truffaut a1a ed. aBERGAMObMORETTI & VITALIc1997 bPaulus - SPICS - Società San Paolo EM (non-commercial uses only)cCopyright2015 a7 p. [35-41] aANNO 013, N.4/5 (LUGLIO/OTTOBRE 1997) aSchede e Recensione dei Due Film di Francois Truffaut: la Camera Verde e L'Uomo che Amava le Donne. aCINEMAvPUBBLICAZIONE PERIODICA